[Event "GRE-ch U20 Girls"]
[Site "Trikala"]
[Date "2021.08.27"]
[Round "7"]
[White "Kalogeridou, Ioanna"]
[Black "Koutsouraki, Ariadni"]
[Result "1-0"]
[WhiteElo "1342"]
[BlackElo "1463"]
[PlyCount "129"]
[EventDate "2021.08.23"]
[EventType "swiss"]
[EventRounds "9"]
[EventCountry "GRE"]
[SourceTitle "EXT 2022"]
[Source "ChessBase"]
[SourceDate "2021.10.06"]
[SourceVersion "1"]
[SourceVersionDate "2021.10.06"]
[SourceQuality "1"]

1. d4 Nf6 2. Nf3 d6 3. g3 Nc6 4. c4 e5 5. d5 Ne7 6. Nc3 Ng6 7. e4 Be7 8. h3 Bd7 9. Be3 0-0 10. Be2 h6 11. Nd2 Qc8 12. f4 exf4 13. gxf4 Ne8 14. f5 Ne5 15. Nf3 Nxf3+ 16. Bxf3 Bh4+ 17. Kd2 Kh7 18. Qg1 Nf6 19. Qg2 Rg8 20. Rag1 g6 21. fxg6+ Rxg6 22. Qh2 Qe8 23. Kd3 Qe7 24. Qd2 Rag8 25. Rxg6 Rxg6 26. Ne2 Bg5 27. Nf4 Bxf4 28. Bxf4 a6 29. Qh2 Rg8 30. Qd2 Rg6 31. Qh2 b5 32. b3 b4 33. Qd2 a5 34. Qh2 Rg8 35. Qd2 Rg6 36. Qh2 Rg8 37. Qd2 Rg6 38. Qe3 c5 39. Kd2 Ng8 40. Bh5 Rg2+ 41. Be2 f6 42. Qf3 Rg7 43. Bd3 f5 44. exf5 Qf6 45. Bxd6 Qc3+ 46. Ke3 Qd4+ 47. Ke2 Qb2+ 48. Ke3 Qd4+ 49. Kd2 Qc3+ 50. Ke2 Qb2+ 51. Ke3 Qd4+ 52. Ke2 Qb2+ 53. Kf1 Qc1+ 54. Kf2 Qd2+ 55. Qe2 Qxe2+ 56. Bxe2 Bxf5 57. Bxc5 Be4 58. Rd1 Rf7+ 59. Ke3 Bg2 60. Bd3+ Kh8 61. Bd4+ Nf6 62. Rg1 Bxh3 63. Rg6 Re7+ 64. Kd2 Rf7 65. Bxf6+ 1-0

[Event "GRE-ch U20 Girls"]
[Site "Trikala"]
[Date "2021.08.26"]
[Round "6"]
[White "Koutsouraki, Ariadni"]
[Black "Vakali, Athina"]
[Result "1-0"]
[WhiteElo "1463"]
[BlackElo "1344"]
[PlyCount "103"]
[EventDate "2021.08.23"]
[EventType "swiss"]
[EventRounds "9"]
[EventCountry "GRE"]
[SourceTitle "EXT 2022"]
[Source "ChessBase"]
[SourceDate "2021.10.06"]
[SourceVersion "1"]
[SourceVersionDate "2021.10.06"]
[SourceQuality "1"]

1. e4 e5 2. d4 exd4 3. Qxd4 Nc6 4. Qd3 Nf6 5. Nc3 d6 6. Bf4 Be6 7. f3 a6 8. Qd2 Ne5 9. 0-0-0 Qd7 10. Bxe5 dxe5 11. Qg5 Qc6 12. Qxe5 Nd7 13. Qd4 0-0-0 14. Nd5 f6 15. Bc4 Bc5 16. Qc3 Rhe8 17. Ne2 Bxd5 18. Bxd5 Qb6 19. a3 Be3+ 20. Kb1 Ne5 21. Ng3 c6 22. Bb3 g6 23. Ne2 g5 24. h3 Kb8 25. Ng3 Bf2 26. Nh5 c5 27. Bd5 Bd4 28. Qb3 Qxb3 29. cxb3 Nd7 30. Ng7 Re5 31. Ne6 Re8 32. Nxd4 cxd4 33. Rxd4 Nb6 34. Rhd1 R8e7 35. Bc4 f5 36. exf5 Rxf5 37. Bd3 Rfe5 38. Be4 R5e6 39. Rd6 h6 40. Rxe6 Rxe6 41. Rd2 Nc8 42. Bf5 Rf6 43. Bxc8 Kxc8 44. Kc1 a5 45. Rd4 Re6 46. Kd2 Kc7 47. b4 Rb6 48. Kc3 a4 49. b3 Rc6+ 50. Kb2 axb3 51. Kxb3 Rc1 52. Rc4+ 1-0

[Event "GRE-ch U18 Girls"]
[Site "Chania"]
[Date "2021.07.17"]
[Round "4"]
[White "Skaraki, Georgia"]
[Black "Koutsouraki, Ariadni"]
[Result "0-1"]
[WhiteElo "1339"]
[BlackElo "1438"]
[PlyCount "120"]
[EventDate "2021.07.15"]
[EventType "swiss"]
[EventRounds "9"]
[EventCountry "GRE"]
[SourceTitle "EXT 2022"]
[Source "ChessBase"]
[SourceDate "2021.10.06"]
[SourceVersion "1"]
[SourceVersionDate "2021.10.06"]
[SourceQuality "1"]

1. c4 e5 2. Nc3 Nf6 3. g3 c6 4. Bg2 d5 5. cxd5 cxd5 6. d3 d4 7. Ne4 Nd5 8. a3 Nc6 9. Nf3 Be7 10. 0-0 0-0 11. Ned2 Nb6 12. Nb3 Kh8 13. e3 a5 14. exd4 exd4 15. Bd2 a4 16. Nc1 Be6 17. Qe2 Bf6 18. Qe1 Re8 19. Bb4 Nd5 20. Bd2 h6 21. b3 axb3 22. Nxb3 Qd6 23. a4 Ra7 24. a5 Rea8 25. Qc1 Nc3 26. Qa3 Qxa3 27. Rxa3 Be7 28. Nbxd4 Bxa3 29. Bxc3 Nxd4 30. Nxd4 Bd7 31. a6 bxa6 32. Bxa8 Rxa8 33. Ra1 Bd6 34. Nb3 Bb5 35. d4 Rc8 36. Bd2 Rc2 37. Be3 Bb4 38. h4 h5 39. Kg2 Kh7 40. Nc5 Bc6+ 41. Kg1 a5 42. Nd3 Bc3 43. Ne5 Bxa1 44. Nxc6 Rxc6 45. Kf1 Rd6 46. Ke2 Bxd4 47. Bxd4 Rxd4 48. Ke3 Rd7 49. f3 a4 50. g4 hxg4 51. fxg4 a3 52. h5 a2 53. g5 a1Q 54. g6+ fxg6 55. hxg6+ Kxg6 56. Ke4 Qe1+ 57. Kf4 Rf7+ 58. Kg4 Qg1+ 59. Kh3 Rf3+ 60. Kh4 Qg3# 0-1

[Event "GRE-ch U18 Girls"]
[Site "Chania"]
[Date "2021.07.16"]
[Round "2"]
[White "Chasouraki, Chrysi"]
[Black "Koutsouraki, Ariadni"]
[Result "1/2-1/2"]
[WhiteElo "1336"]
[BlackElo "1438"]
[PlyCount "82"]
[EventDate "2021.07.15"]
[EventType "swiss"]
[EventRounds "9"]
[EventCountry "GRE"]
[SourceTitle "EXT 2022"]
[Source "ChessBase"]
[SourceDate "2021.10.06"]
[SourceVersion "1"]
[SourceVersionDate "2021.10.06"]
[SourceQuality "1"]

1. e4 e5 2. Nf3 Nc6 3. Bc4 Bc5 4. c3 Nf6 5. d3 d6 6. Nbd2 h6 7. a4 a5 8. Qb3 0-0 9. Nf1 Ne7 10. Be3 Bxe3 11. fxe3 c6 12. Qc2 Ng6 13. Ng3 Qb6 14. d4 Rd8 15. 0-0 Bg4 16. h3 Bxf3 17. Rxf3 d5 18. Bd3 Nh4 19. Rf2 Qc7 20. Nf5 Nxf5 21. Rxf5 dxe4 22. Bxe4 Nxe4 23. Qxe4 exd4 24. exd4 Re8 25. Qf3 Qe7 26. Rf1 f6 27. Qg4 Kh7 28. Qg3 Qe3+ 29. Qxe3 Rxe3 30. Kf2 Rae8 31. Rxa5 Re2+ 32. Kg1 Rxb2 33. Raf5 Rc2 34. R5f3 Ra2 35. Rb1 Re7 36. Rb4 Ree2 37. Rg3 Reb2 38. Rc4 Rb1+ 39. Kh2 Raa1 40. Rf3 Rb2 41. Rg3 Rbb1 1/2-1/2

[Event "GRE-ch U18 Girls"]
[Site "Chania"]
[Date "2021.07.15"]
[Round "1"]
[White "Koutsouraki, Ariadni"]
[Black "Platsaki, Evgenia Valeria"]
[Result "1/2-1/2"]
[WhiteElo "1438"]
[BlackElo "1201"]
[PlyCount "116"]
[EventDate "2021.07.15"]
[EventType "swiss"]
[EventRounds "9"]
[EventCountry "GRE"]
[SourceTitle "EXT 2022"]
[Source "ChessBase"]
[SourceDate "2021.10.06"]
[SourceVersion "1"]
[SourceVersionDate "2021.10.06"]
[SourceQuality "1"]

1. c4 c5 2. Nf3 Nc6 3. Nc3 g6 4. e3 Nf6 5. d4 cxd4 6. exd4 d5 7. cxd5 Nxd5 8. Qb3 Nxc3 9. Bc4 Nd5 10. Bxd5 e6 11. Bxc6+ bxc6 12. 0-0 Qd5 13. Qe3 Bg7 14. Bd2 Qd6 15. Rac1 0-0 16. Bc3 Ba6 17. Rfd1 Bc4 18. b3 Bd5 19. Ne1 a5 20. Nd3 f5 21. f4 Be4 22. Nc5 Bh6 23. g3 Qd5 24. Nxe4 fxe4 25. h4 a4 26. Bb4 Rfb8 27. Rc5 Qd7 28. a3 axb3 29. Qxb3 Bg7 30. Qe3 Rd8 31. Rc4 Qd5 32. Qe2 e5 33. Rc5 Qe6 34. dxe5 Rxd1+ 35. Qxd1 Bf8 36. Rc1 Bxb4 37. axb4 Qh3 38. Qb3+ Kh8 39. e6 Qf5 40. Qc3+ Kg8 41. Qxc6 Rb8 42. Rd1 Qg4 43. Qc2 Qxg3+ 44. Qg2 Qxf4 45. e7 Re8 46. Rd8 Qc1+ 47. Qf1 Qxf1+ 48. Kxf1 Kf7 49. Rxe8 Kxe8 50. Ke2 Kxe7 51. Ke3 Kd6 52. Kxe4 h6 53. Kf4 Kc6 54. Ke5 g5 55. hxg5 hxg5 56. Kf5 g4 57. Kxg4 Kb5 58. Kg5 Kxb4 1/2-1/2

[Event "GRE-chT Online Rapid (Women) 1st"]
[Site "Tornelo INT"]
[Date "2021.02.20"]
[Round "2.2"]
[White "Petraki, Argiro"]
[Black "Koutsouraki, Ariadni"]
[Result "0-1"]
[WhiteElo "1776"]
[BlackElo "1438"]
[PlyCount "128"]
[EventDate "2021.02.20"]
[EventType "team-swiss (rapid)"]
[EventRounds "9"]
[EventCountry "GRE"]
[SourceTitle "EXT 2023"]
[Source "ChessBase"]
[SourceDate "2022.10.05"]
[SourceVersion "1"]
[SourceVersionDate "2022.10.05"]
[SourceQuality "1"]

1. c4 e6 2. Nc3 Nf6 3. g3 d5 4. cxd5 exd5 5. d4 c6 6. Bg2 Bf5 7. Nf3 h6 8. 0-0 Be7 9. Re1 0-0 10. Qb3 Qb6 11. Qd1 Na6 12. a3 Ne4 13. Nxe4 Bxe4 14. Ne5 Bxg2 15. Kxg2 Qd8 16. b4 Nc7 17. Rb1 Nb5 18. Qd3 Nd6 19. a4 a6 20. Qb3 Bf6 21. e3 Qe8 22. Nd3 Bxd4 23. Ba3 Bf6 24. b5 Be7 25. bxc6 bxc6 26. Rec1 Nc4 27. Bxe7 Qxe7 28. Nb2 Nd2 29. Qa2 Nxb1 30. Qxb1 Qe4+ 31. Qxe4 dxe4 32. Rxc6 Rfb8 33. Nc4 Rb4 34. Nb6 Rd8 35. a5 Rb5 36. Nc4 Rb4 37. Nb6 Rd2 38. Nc4 Rc2 39. Ne5 Rbb2 40. Rxc2 Rxc2 41. Nd7 Ra2 42. Nc5 Rxa5 43. Nxe4 Rb5 44. Kf3 Kf8 45. Ke2 Ke7 46. Kd3 a5 47. Kc3 f5 48. Nd2 Rb8 49. Nb3 Rxb3+ 50. Kxb3 Ke6 51. Ka4 Kd5 52. f3 Kc4 53. Kxa5 Kd3 54. Kb5 Kxe3 55. f4 Kf3 56. Kc5 Kg2 57. Kd5 Kxh2 58. Ke5 Kxg3 59. Kxf5 h5 60. Kg5 h4 61. f5 h3 62. Kg6 h2 63. Kxg7 h1Q 64. f6 Qa1 0-1

[Event "GRE-ch South U16 Girls"]
[Site "Athens"]
[Date "2020.08.31"]
[Round "4"]
[White "Vakali, Athina"]
[Black "Koutsouraki, Ariadni"]
[Result "1-0"]
[WhiteElo "1281"]
[BlackElo "1537"]
[PlyCount "94"]
[EventDate "2020.08.28"]
[EventType "swiss"]
[EventRounds "9"]
[EventCountry "GRE"]
[SourceTitle "EXT 2023"]
[Source "ChessBase"]
[SourceDate "2022.10.05"]
[SourceVersion "1"]
[SourceVersionDate "2022.10.05"]
[SourceQuality "1"]

1. b3 a5 2. a4 Nf6 3. Bb2 e6 4. g3 d5 5. e3 Be7 6. Bg2 0-0 7. Ne2 Na6 8. 0-0 c6 9. d4 b5 10. Qd2 b4 11. c4 bxc3 12. Qxc3 Bd7 13. Ba3 Nb4 14. Nd2 Ne8 15. Nf3 f6 16. Nf4 Nc7 17. Bh3 Kf7 18. Nd3 Nca6 19. Nc5 Nxc5 20. dxc5 Rb8 21. Bxb4 Rxb4 22. Qc2 Rh8 23. Rad1 Qb8 24. Nd4 Qc7 25. Nf3 Qa7 26. Rc1 e5 27. Bxd7 Qxd7 28. Rfd1 Qb7 29. Rb1 g6 30. Rb2 Rb8 31. Rdb1 Bf8 32. h3 Qe7 33. Rc1 Bg7 34. Rcb1 f5 35. Qd2 Qxc5 36. Rc1 Qd6 37. Ng5+ Kg8 38. Rbc2 R8b6 39. h4 h6 40. Nf3 Kh7 41. Kg2 Rxb3 42. Qxa5 R3b4 43. Rxc6 Rxc6 44. Rxc6 Qxc6 45. Qxb4 d4 46. exd4 exd4 47. Qb3 Qc3 1-0

[Event "GRE-ch U20 Girls"]
[Site "Trikala"]
[Date "2020.08.21"]
[Round "7"]
[White "Koutsouraki, Ariadni"]
[Black "Tsivelekidou, Anthoula Elpida"]
[Result "1-0"]
[WhiteElo "1537"]
[BlackElo "1377"]
[PlyCount "163"]
[EventDate "2020.08.17"]
[EventType "swiss"]
[EventRounds "9"]
[EventCountry "GRE"]
[SourceTitle "CBM 198 Extra"]
[Source "ChessBase"]
[SourceDate "2020.11.30"]
[SourceVersion "1"]
[SourceVersionDate "2020.11.30"]
[SourceQuality "1"]

1. c4 e6 2. Nf3 Nf6 3. Nc3 d5 4. e3 Be7 5. b3 Nbd7 6. Bb2 c5 7. cxd5 exd5 8. d4 0-0 9. Be2 Nb6 10. dxc5 Bxc5 11. 0-0 Bf5 12. Nb5 Ne4 13. Rc1 a6 14. Nbd4 Bg6 15. Ne5 Rc8 16. Nxg6 hxg6 17. Qd3 Qe7 18. Nc2 Rfd8 19. Bd4 Na8 20. f3 Nf6 21. Bxc5 Rxc5 22. Nd4 Re8 23. Rxc5 Qxc5 24. Qd2 Qe7 25. Kf2 Rc8 26. Bd3 Nb6 27. Ne2 Qd6 28. g3 Nbd7 29. Bb1 Qe7 30. h4 Qe5 31. Rd1 Nb6 32. Qa5 Qe6 33. Nf4 Qc6 34. Ne2 Qc5 35. Qxc5 Rxc5 36. Nf4 Kf8 37. g4 Ke7 38. Ke2 Rc8 39. g5 Nfd7 40. Nxd5+ Nxd5 41. Rxd5 Rc1 42. Rd1 Rc7 43. Be4 Nb8 44. Rd2 Nd7 45. Kd1 Nb6 46. Rc2 Rd7+ 47. Ke2 Ke8 48. a4 Kd8 49. Rd2 Rxd2+ 50. Kxd2 Kc7 51. Kd3 a5 52. Kd4 Nd7 53. f4 b6 54. Bd5 f6 55. gxf6 gxf6 56. Be4 f5 57. Bd5 Kd6 58. Bf7 Nf8 59. h5 gxh5 60. Bxh5 Ne6+ 61. Kc4 Kc6 62. Bg6 Ng7 63. Bf7 Kd6 64. Kb5 Kc7 65. Bg6 Kb7 66. e4 fxe4 67. Bxe4+ Kc7 68. f5 Ne8 69. Bc2 Nf6 70. Kc4 Kc6 71. Kd4 Kd6 72. Be4 Ne8 73. Bd5 Nf6 74. Bc4 Ne8 75. Ke4 Nf6+ 76. Kf4 Ne8 77. Kg5 Ke5 78. Kg6 Nf6 79. Be6 Ne4 80. Kf7 Nf6 81. Ke7 Ne4 82. Kd7 1-0

[Event "GRE-ch U18 Girls 22nd"]
[Site "Rethymno"]
[Date "2020.01.02"]
[Round "1"]
[White "Koutsouraki, Ariadni"]
[Black "Chasouraki, Chrysi"]
[Result "1-0"]
[WhiteElo "1598"]
[BlackElo "1228"]
[PlyCount "63"]
[EventDate "2020.01.02"]
[EventType "swiss"]
[EventRounds "9"]
[EventCountry "GRE"]
[SourceTitle "EXT 2021"]
[Source "ChessBase"]
[SourceDate "2020.10.23"]
[SourceVersion "1"]
[SourceVersionDate "2020.10.23"]
[SourceQuality "1"]

1. e4 c5 2. Nf3 e6 3. d4 cxd4 4. Nxd4 Nc6 5. Nc3 Qc7 6. f4 Bb4 7. Ndb5 Qb8 8. a3 Bxc3+ 9. bxc3 Nf6 10. Nd6+ Ke7 11. e5 Ne8 12. a4 a5 13. Ba3 Nb4 14. cxb4 Qa7 15. Qd2 Nxd6 16. b5 h5 17. Qxd6+ Kd8 18. Qe7+ Kc7 19. Bd6+ Kb6 20. Bc5+ Kc7 21. Bxa7 Rxa7 22. Qd6+ Kd8 23. b6 Ra8 24. Rd1 Re8 25. Bb5 Re7 26. Rd3 g6 27. Rc3 Re8 28. Kf2 h4 29. Rd1 Re7 30. Qc7+ Ke8 31. Qxc8+ Rxc8 32. Rxc8# 1-0

[Event "Agios Nikolaos op 3rd"]
[Site "Agios Ioannis"]
[Date "2019.08.31"]
[Round "7"]
[White "Koutsouraki, Ariadni"]
[Black "Gialytis, Aristarchos"]
[Result "1-0"]
[WhiteElo "1497"]
[BlackElo "1095"]
[PlyCount "71"]
[EventDate "2019.08.26"]
[EventType "swiss"]
[EventRounds "9"]
[EventCountry "GRE"]
[SourceTitle "EXT 2020"]
[Source "ChessBase"]
[SourceDate "2019.10.17"]
[SourceVersion "1"]
[SourceVersionDate "2019.10.17"]
[SourceQuality "1"]

1. e4 e5 2. Nf3 Nc6 3. d4 f6 4. dxe5 fxe5 5. Bc4 Nf6 6. Ng5 Qe7 7. Bf7+ Kd8 8. Ne6+ Qxe6 9. Bxe6 Ke8 10. Bd5 Bc5 11. Bg5 d6 12. Bxf6 gxf6 13. Qh5+ Ke7 14. Qf7+ Kd8 15. Qxf6+ Kd7 16. Qxh8 Ne7 17. Qxh7 c6 18. Bb3 b6 19. Qf7 Ba6 20. Be6+ Kd8 21. Qf8+ Kc7 22. Qxa8 b5 23. Qf8 Ng6 24. Qf7+ Kb6 25. Qxg6 b4 26. Nd2 Ka5 27. Nb3+ Kb6 28. Nxc5 dxc5 29. Bd7 Bb7 30. a3 bxa3 31. Rxa3 a6 32. Rb3+ Ka7 33. Rxb7+ Kxb7 34. Qxc6+ Ka7 35. Qc7+ Ka8 36. Bc6# 1-0

[Event "Agios Nikolaos op 3rd"]
[Site "Agios Ioannis"]
[Date "2019.08.29"]
[Round "5"]
[White "Koutsouraki, Ariadni"]
[Black "Fanourgakis, Konstantinos"]
[Result "1/2-1/2"]
[WhiteElo "1497"]
[BlackElo "1670"]
[PlyCount "94"]
[EventDate "2019.08.26"]
[EventType "swiss"]
[EventRounds "9"]
[EventCountry "GRE"]
[SourceTitle "EXT 2020"]
[Source "ChessBase"]
[SourceDate "2019.10.17"]
[SourceVersion "1"]
[SourceVersionDate "2019.10.17"]
[SourceQuality "1"]

1. e4 e5 2. Nf3 Nc6 3. Bb5 a6 4. Ba4 Nf6 5. d3 b5 6. Bb3 Be7 7. c3 0-0 8. 0-0 d6 9. h3 Na5 10. Bc2 c5 11. Re1 Qc7 12. Nbd2 Re8 13. Nf1 Be6 14. Bd2 Rab8 15. b3 Rbc8 16. c4 bxc4 17. dxc4 Nc6 18. Ne3 Qb7 19. Nd5 Rcd8 20. Bd3 Nb4 21. Nxe7+ Qxe7 22. Bxb4 cxb4 23. Qd2 Qb7 24. Bc2 Qb6 25. Qe3 Rb8 26. Qxb6 Rxb6 27. Re2 Bc8 28. Nd2 Nh5 29. Nf1 Nf4 30. Rd2 h5 31. Ne3 Be6 32. Nd5 Bxd5 33. exd5 g6 34. Kh2 h4 35. a3 a5 36. axb4 axb4 37. Bd1 e4 38. g3 hxg3+ 39. Kxg3 Nd3 40. Bc2 Nc5 41. Re2 Rb7 42. f3 Rbe7 43. fxe4 f5 44. Rae1 fxe4 45. Re3 Kg7 46. Kf4 Rf8+ 47. Kg3 Rfe8 1/2-1/2

[Event "GRE-ch U16 Girls"]
[Site "Patras"]
[Date "2019.06.25"]
[Round "1.2"]
[White "Gkolfinopoulou, Marina"]
[Black "Koutsouraki, Ariadni"]
[Result "0-1"]
[WhiteElo "1318"]
[BlackElo "1540"]
[PlyCount "126"]
[EventDate "2019.06.25"]
[EventType "swiss"]
[EventRounds "7"]
[EventCountry "GRE"]
[SourceTitle "EXT 2020"]
[Source "ChessBase"]
[SourceDate "2019.10.17"]
[SourceVersion "1"]
[SourceVersionDate "2019.10.17"]
[SourceQuality "1"]
[WhiteTeam "Greece"]
[BlackTeam "Greece"]
[WhiteTeamCountry "GRE"]
[BlackTeamCountry "GRE"]

1. e4 e5 2. Nf3 Nc6 3. Bb5 a6 4. Ba4 Nf6 5. 0-0 Be7 6. c3 b5 7. Bc2 d6 8. h3 0-0 9. d4 Bb7 10. Re1 h6 11. a4 Qc8 12. Nbd2 Re8 13. Nf1 Bf8 14. Ng3 Qd8 15. Bb1 Qd7 16. Qc2 g6 17. Bd2 Na5 18. b3 Nc6 19. d5 Ne7 20. c4 bxc4 21. Qxc4 c6 22. dxc6 Nxc6 23. Bd3 Rec8 24. Qc1 Nd4 25. Qd1 Ne6 26. Be3 Nc5 27. Bxc5 Rxc5 28. Qd2 Rac8 29. Rac1 Qc7 30. Rc4 a5 31. Rec1 Qb6 32. Rxc5 Rxc5 33. Rxc5 Qxc5 34. Ne1 d5 35. exd5 Qxd5 36. f3 Bc5+ 37. Kh2 Bb4 38. Qc1 Bxe1 39. Qxe1 Qxd3 40. Qxa5 Qxb3 41. Qxe5 Kg7 42. a5 Qd5 43. Qa1 Qd6 44. Qb2 Ba6 45. Qc3 Kg8 46. h4 Nh5 47. Qe1 Kf8 48. Kh3 Bc8+ 49. Kh2 Qf4 50. Qf2 Kg8 51. Qe1 Qxg3+ 52. Qxg3 Nxg3 53. Kxg3 Kg7 54. Kf4 Kf6 55. g3 Ke6 56. g4 Kd6 57. Ke4 Bb7+ 58. Kf4 Kd5 59. h5 gxh5 60. gxh5 Ke6 61. Kg4 f5+ 62. Kg3 Ke5 63. Kg2 Kf4 0-1

[Event "GRE-ch U14 Girls"]
[Site "Rio Achaia"]
[Date "2018.07.05"]
[Round "4"]
[White "Koutsouraki, Ariadni"]
[Black "Gioutsou, Miranta"]
[Result "1/2-1/2"]
[WhiteElo "1382"]
[BlackElo "1467"]
[PlyCount "119"]
[EventDate "2018.07.03"]
[EventType "swiss"]
[EventRounds "9"]
[EventCountry "GRE"]
[SourceTitle "EXT 2019"]
[Source "ChessBase"]
[SourceDate "2018.10.10"]
[SourceVersion "1"]
[SourceVersionDate "2018.10.10"]
[SourceQuality "1"]

1. e4 e5 2. Nf3 Nf6 3. Nc3 Bb4 4. Be2 0-0 5. 0-0 Re8 6. d3 d5 7. Nxd5 Nxd5 8. exd5 Qxd5 9. c3 Bf8 10. d4 exd4 11. Nxd4 c5 12. Bf3 Qe5 13. Ne2 Nd7 14. Ng3 Nf6 15. Bd2 Qc7 16. Bg5 Be7 17. Re1 Be6 18. Qc2 Nd5 19. Bxe7 Rxe7 20. Rad1 Nf6 21. b3 Rae8 22. Re2 b6 23. c4 Rd8 24. Rxd8+ Qxd8 25. Rd2 Rd7 26. Rxd7 Qxd7 27. Ne4 Nxe4 28. Bxe4 h6 29. h3 Qd4 30. Qd3 Qxd3 31. Bxd3 Kf8 32. Kf1 Ke7 33. Ke2 Kd6 34. Ke3 g5 35. f4 f5 36. g3 Ke7 37. Be2 Kf6 38. h4 gxh4 39. gxh4 Bc8 40. Bf3 Bd7 41. Kd3 b5 42. Kc3 a5 43. Kd3 Ke7 44. Kc3 Kd6 45. Kd3 Kc7 46. Kc3 Kb6 47. Kd3 Ka6 48. Kc3 Ka7 49. Kd3 Kb6 50. Kc3 a4 51. bxa4 b4+ 52. Kb2 Ka5 53. Bd1 Bxa4 54. Bxa4 Kxa4 55. h5 Ka5 56. Kb3 Kb6 57. Ka4 Ka6 58. a3 bxa3 59. Kxa3 Ka5 60. Kb3 1/2-1/2

[Event "GRE-ch U14 Girls"]
[Site "Rio Achaia"]
[Date "2018.07.04"]
[Round "3"]
[White "Chatziioannidi, Filippa"]
[Black "Koutsouraki, Ariadni"]
[Result "0-1"]
[WhiteElo "1592"]
[BlackElo "1382"]
[PlyCount "110"]
[EventDate "2018.07.03"]
[EventType "swiss"]
[EventRounds "9"]
[EventCountry "GRE"]
[SourceTitle "EXT 2019"]
[Source "ChessBase"]
[SourceDate "2018.10.10"]
[SourceVersion "1"]
[SourceVersionDate "2018.10.10"]
[SourceQuality "1"]

1. d4 d5 2. c4 e6 3. g3 Nf6 4. Nf3 Bb4+ 5. Bd2 Be7 6. Bg2 c6 7. Qc2 0-0 8. 0-0 Nbd7 9. Bf4 Nh5 10. Bc1 Nhf6 11. Nbd2 b6 12. Rd1 Bb7 13. e4 c5 14. exd5 exd5 15. dxc5 Bxc5 16. Nb3 Rc8 17. Nxc5 Rxc5 18. Qa4 Bc6 19. Qa3 Rxc4 20. Bf4 Ne4 21. Nd4 Qf6 22. Bxe4 Rxd4 23. Bg2 Ra4 24. Qd6 Qxd6 25. Bxd6 Re8 26. Rac1 Ba8 27. Rc7 Nf6 28. Ba3 h6 29. Rdc1 Rc4 30. R7xc4 dxc4 31. Bxa8 Rxa8 32. Rxc4 b5 33. Rc7 a6 34. Rc6 Nd5 35. Rd6 Nf6 36. Bb4 Ne4 37. Rb6 Nf6 38. f3 Nd5 39. Rd6 Nxb4 40. a3 Nc2 41. Kf2 Kf8 42. Ke2 Ke7 43. Rd2 Rc8 44. Kd3 Na1 45. Re2+ Kf6 46. b4 Nb3 47. Re4 Rd8+ 48. Kc3 Nd2 49. Rf4+ Ke6 50. Rg4 g5 51. h4 f5 52. Rd4 Rxd4 53. Kxd4 Nxf3+ 54. Kc5 gxh4 55. Kb6 h3 0-1

[Event "GRE-ch U14 Girls"]
[Site "Rio Achaia"]
[Date "2018.07.03"]
[Round "1"]
[White "Tsiripova, Eleni"]
[Black "Koutsouraki, Ariadni"]
[Result "0-1"]
[WhiteElo "1143"]
[BlackElo "1382"]
[PlyCount "111"]
[EventDate "2018.07.03"]
[EventType "swiss"]
[EventRounds "9"]
[EventCountry "GRE"]
[SourceTitle "EXT 2019"]
[Source "ChessBase"]
[SourceDate "2018.10.10"]
[SourceVersion "1"]
[SourceVersionDate "2018.10.10"]
[SourceQuality "1"]

1. Nf3 Nf6 2. g3 g6 3. Bg2 Bg7 4. 0-0 0-0 5. d3 d6 6. e4 e5 7. Nbd2 Re8 8. Re1 h6 9. h4 Bg4 10. Nf1 Qd7 11. N1h2 Bh3 12. Bd2 Bxg2 13. Kxg2 Nc6 14. Qc1 Kh7 15. c3 d5 16. Qc2 dxe4 17. dxe4 Rad8 18. Rad1 Qe6 19. b3 Rf8 20. Be3 b6 21. Bc1 Ng4 22. Nxg4 Qxg4 23. Nh2 Qe6 24. Ba3 Rfe8 25. Rxd8 Rxd8 26. Rd1 Rxd1 27. Qxd1 Qe8 28. Qd5 Na5 29. f3 Kg8 30. Ng4 h5 31. Nf2 c6 32. Qd6 Bf8 33. Qxf8+ Qxf8 34. Bxf8 Kxf8 35. f4 exf4 36. gxf4 c5 37. Nd3 Nc6 38. Kf3 Ke7 39. f5 gxf5 40. exf5 Kf6 41. Nf4 Kxf5 42. Nxh5 Ne5+ 43. Ke3 Ng6 44. Ng7+ Kf6 45. Nh5+ Ke5 46. Ng3 Nxh4 47. Ne4 Ng2+ 48. Kf3 Nh4+ 49. Ke3 Nf5+ 50. Kd3 Nd6 51. Nf2 f5 52. Ke3 c4 53. bxc4 Nxc4+ 54. Kf3 Nd2+ 55. Ke2 Ne4 56. Nd3+ 0-1

[Event "Hersonissos op 2nd"]
[Site "Hersonissos"]
[Date "2018.06.24"]
[Round "9"]
[White "Koutsouraki, Ariadni"]
[Black "Angermuende, Dirk"]
[Result "0-1"]
[WhiteElo "1373"]
[BlackElo "1966"]
[PlyCount "98"]
[EventDate "2018.06.17"]
[EventType "swiss"]
[EventRounds "9"]
[EventCountry "GRE"]
[SourceTitle "CBM 185 Extra"]
[Source "ChessBase"]
[SourceDate "2018.07.29"]
[SourceVersion "1"]
[SourceVersionDate "2018.07.29"]
[SourceQuality "1"]

1. e4 e6 2. d4 d5 3. exd5 exd5 4. Bd3 Bd6 5. Nf3 Ne7 6. h3 0-0 7. 0-0 Bf5 8. Re1 Bxd3 9. Qxd3 c6 10. c3 Nd7 11. Be3 Qc7 12. Nbd2 Rae8 13. c4 dxc4 14. Nxc4 Bb4 15. Red1 Nd5 16. a3 Be7 17. Rac1 Qd8 18. Qb3 N7b6 19. Nce5 Bd6 20. Re1 Re7 21. Bd2 Rfe8 22. Nd3 Nc8 23. Nb4 Qb6 24. Qc4 Bxb4 25. Bxb4 Nxb4 26. axb4 Rxe1+ 27. Rxe1 Rxe1+ 28. Nxe1 Ne7 29. Qc5 Nd5 30. Qxb6 Nxb6 31. Nc2 Kf8 32. f3 Ke7 33. Kf2 Nd5 34. g3 Kd6 35. Ke2 h5 36. h4 f6 37. f4 Ke6 38. Kf3 Kf5 39. Ne3+ Nxe3 40. Kxe3 Kg4 41. Kf2 Kh3 42. b5 a6 43. bxc6 bxc6 44. Kf3 f5 45. Kf2 Kh2 46. Kf3 Kg1 47. b3 a5 48. Ke2 Kg2 49. Ke3 Kxg3 0-1